[Event "NRW U14 op"]
[Site "Olpe"]
[Date "2005.10.03"]
[Round "5.13"]
[White "Groemping, Carolin"]
[Black "Schulz, Matthias"]
[Result "1/2-1/2"]
[WhiteElo "1211"]
[BlackElo "1029"]
[PlyCount "70"]
[EventDate "2005.10.01"]
[EventType "swiss"]
[EventRounds "7"]
[EventCountry "GER"]
[SourceTitle "CBM 108 Extra"]
[Source "ChessBase"]
[SourceDate "2005.11.04"]
[SourceVersion "1"]
[SourceVersionDate "2005.11.04"]
[SourceQuality "1"]

1. e4 e5 2. Nf3 Nc6 3. Bc4 Nf6 4. d3 Bb4+ 5. Bd2 d6 6. h3 Bc5 7. Bg5 Be6 8. Bb3 Qd7 9. Nc3 h6 10. Bd2 0-0-0 11. Nd5 Kb8 12. Qe2 Ne7 13. Nxe7 Qxe7 14. 0-0-0 Bxb3 15. axb3 d5 16. Rhf1 Rd6 17. Bc3 d4 18. Bd2 Ra6 19. c3 Ba3 20. Be1 Bc5 21. Kc2 Rc6 22. c4 Ra6 23. Rb1 Rd8 24. Bd2 Rdd6 25. b4 Bb6 26. c5 Bxc5 27. bxc5 Rdc6 28. b4 Ra2+ 29. Rb2 Qe6 30. Kb1 Rxb2+ 31. Kxb2 Ra6 32. Ra1 Rc6 33. Rc1 b5 34. Qd1 a6 35. Qb3 Qe8 1/2-1/2